Harry Potter School Song Lyrics Quiz Stats

 Plays Quiz not verified by Sporcle

Score 0/70 Timer 05:00
0 Plays Today
% Correct
Hogwarts
96.6%
Hogwarts
96.6%
Hogwarts
96.6%
and
88.8%
and
88.8%
and
88.8%
the
88.8%
And
88.8%
Hoggy
88.2%
us
84.8%
us
84.8%
So
82%
Teach
81.5%
teach
81.5%
something
80.9%
we
80.9%
some
79.8%
please
79.2%
Warty
78.1%
with
73%
with
73%
With
73%
be
72.5%
old
69.1%
Or
68.5%
young
68%
knees
66.3%
Our
65.2%
our
65.2%
Whether
63.5%
scabby
62.9%
of
62.4%
of
62.4%
do
61.2%
do
61.2%
% Correct
do
61.2%
heads
58.4%
could
57.9%
bald
55.6%
filling
55.6%
stuff
55.6%
fluff
55.6%
For
55.1%
brains
54.5%
interesting
50.6%
bits
49.4%
full
48.3%
all
48.3%
learn
46.6%
what
46.1%
now
44.9%
Dead
44.9%
rot
44.4%
they're
43.8%
your
43.8%
until
43.8%
best
43.3%
flies
42.7%
air
42.1%
things
42.1%
we'll
41.6%
bare
41%
worth
40.4%
rest
40.4%
knowing
39.9%
forgot
39.9%
Just
39.9%
Bring
37.6%
back
37.1%
we've
36%

You're not logged in!

Compare scores with friends on all Sporcle quizzes.
OR
Log In

Show Comments

Extras

Top Quizzes Today


Score Distribution

Your Account Isn't Verified!

In order to create a playlist on Sporcle, you need to verify the email address you used during registration. Go to your Sporcle Settings to finish the process.

Report this User

Report this user for behavior that violates our Community Guidelines.

Details: